[Event "GER-ch U10"]
[Site "Willingen"]
[Date "2023.05.29"]
[Round "4"]
[White "Hoppe, Arthur"]
[Black "Becker, Linus"]
[Result "1-0"]
[WhiteElo "1430"]
[BlackElo "1445"]
[PlyCount "57"]
[EventDate "2023.05.27"]
[EventType "swiss"]
[EventRounds "11"]
[EventCountry "GER"]
[SourceTitle "CBM 214 Extra"]
[Source "ChessBase"]
[SourceDate "2023.07.31"]
[SourceVersion "1"]
[SourceVersionDate "2023.07.31"]
[SourceQuality "1"]

1. d4 d5 2. c4 e6 3. Nf3 Nf6 4. e3 Be7 5. Bd3 0-0 6. 0-0 c6 7. b3 Re8 8. Bb2 Qc7 9. Nbd2 Bd7 10. Qc2 Na6 11. a3 Rac8 12. Rac1 c5 13. cxd5 exd5 14. Bxa6 bxa6 15. dxc5 Qxc5 16. Qb1 Qb6 17. Nd4 Ne4 18. Nxe4 dxe4 19. Rxc8 Rxc8 20. Qxe4 Bf6 21. Rc1 Rxc1+ 22. Bxc1 h6 23. Bb2 Be6 24. Nxe6 Qxb3 25. Qa8+ Kh7 26. Nf8+ Kg8 27. Nd7+ Kh7 28. Nxf6+ gxf6 29. Qe4+ 1-0

[Event "GER-ch U08"]
[Site "Willingen"]
[Date "2022.06.11"]
[Round "7"]
[White "Zargaran, Sepas"]
[Black "Becker, Linus"]
[Result "0-1"]
[WhiteElo "1220"]
[BlackElo "1233"]
[PlyCount "164"]
[EventDate "2022.06.07"]
[EventType "swiss"]
[EventRounds "7"]
[EventCountry "GER"]
[SourceTitle "EXT 2023"]
[Source "ChessBase"]
[SourceDate "2022.10.05"]
[SourceVersion "1"]
[SourceVersionDate "2022.10.05"]
[SourceQuality "1"]

1. e4 c5 2. c3 e6 3. d4 d5 4. exd5 Qxd5 5. Nf3 Nc6 6. c4 Qe4+ 7. Be3 cxd4 8. Nxd4 Bb4+ 9. Nc3 Bxc3+ 10. bxc3 Nxd4 11. cxd4 Bd7 12. Qd3 Nf6 13. Qxe4 Nxe4 14. Bd3 Nf6 15. Rb1 Bc6 16. f3 Rd8 17. 0-0 0-0 18. a4 b6 19. Ra1 Rfe8 20. a5 Ra8 21. Rfb1 bxa5 22. Rxa5 Reb8 23. Rba1 Rb3 24. R5a3 Rab8 25. Kf2 a5 26. Be2 a4 27. Rxb3 axb3 28. Rb1 b2 29. Bd3 Kf8 30. Ke2 Ke7 31. Kd2 Ba4 32. Bc2 Bxc2 33. Kxc2 Rc8 34. c5 Nd5 35. Bg1 Nf4 36. g3 Ne2 37. Be3 Rd8 38. Kd3 Nxd4 39. Bxd4 e5 40. Rxb2 Rxd4+ 41. Kc3 Ke6 42. Re2 Kd5 43. c6 Rc4+ 44. Kb3 Rxc6 45. Rd2+ Ke6 46. Re2 Rc1 47. Rf2 Kf5 48. Kb2 Rc8 49. Re2 Rc6 50. Kb3 g5 51. Re4 Rh6 52. g4+ Ke6 53. Re2 Rh3 54. Rf2 e4 55. Kc4 Rxf3 56. Rxf3 exf3 57. Kd3 f5 58. h3 f2 59. gxf5+ Kxf5 60. Ke2 Kf4 61. Kxf2 h5 62. Kg2 Ke3 63. h4 g4 64. Kg3 Ke4 65. Kg2 Kf4 66. Kh2 Kf3 67. Kh1 Kg3 68. Kg1 Kxh4 69. Kh2 Kg5 70. Kh1 Kf4 71. Kh2 h4 72. Kg2 h3+ 73. Kh1 Kf3 74. Kg1 g3 75. Kh1 g2+ 76. Kh2 Kf2 77. Kxh3 g1Q 78. Kh4 Kf3 79. Kh5 Kf4 80. Kh6 Kf5 81. Kh7 Kf6 82. Kh8 Qg7# 0-1